มุมมองปกติ
มุมมองแบบ MARC
- สิทธิมนุษยชน
รายการ Topical Term
001 - CONTROL NUMBER
- control field: 12544
003 - CONTROL NUMBER IDENTIFIER
- control field: NALT
005 - DATE AND TIME OF LATEST TRANSACTION
- control field: 20170829082407.0
008 - FIXED-LENGTH DATA ELEMENTS
- fixed length control field: 170817|| aca||aabn | a|a d
040 ## - CATALOGING SOURCE
- Original cataloging agency: NALT
- Transcribing agency: NALT
150 ## - HEADING--TOPICAL TERM
- Topical term or geographic name entry element: สิทธิมนุษยชน
- Geographic subdivision: ไทย
670 ## - SOURCE DATA FOUND
- Source citation: Work cat.: (NALT)12375: เสน่ห์ จามริก 12543, สิทธิมนุษยชน : เส้นทางสู่สันติประชาธรรม [2545], 2545
